01256nam a2200217 a 4500008004100000020001500041041000800056110001100064245005700075250001100132260003400143300001100177500009700188653005200285653005900337653010800396653014600504653015100650653013700801653010000938180307s2007 ag |||fr|||| 001 0 spa d a9280638175 aspa1 aUNICEF aConvención sobre los derechos del niño /cUNICEF a1a.ed. aBuenos Aires:bUNICEF;c2007. a157 p. aUNICEF. (2007). Convención sobre los derechos del niño. (1a ed.). Buenos Aires : UNICEF. aDeclaración Universal de los Derechos Humanos aConvención sobre los derechos del niño (Ley 23849) aConvención sobre la eliminación de todas las formas de discriminación contra la mujer (Ley 23179) aConvención Interamericana para prevenir, sancionar y erradicar la violencia contra la mujer "Convención de Belém do Pará" (Ley 24632) aProtocolo facultativo de la convención sobre los derechos del niño relativo a la participación de niños con conflictos armados (Ley 25616) aProtocolo relativo a la venta de niños, la prostitucion infantil y la utilización de los niños en la pornografía (Ley 25763) aLey de protección integral de los derechos de las niñas, niños y adolescentes (Ley 26061)